LEADER 00971nam0-2200313 --450 001 9910518409303321 005 20220125124002.0 010 $a978-88-348-9744-7 100 $a20220125d2009----kmuy0itay5050 ba 101 0 $aita 102 $aIT 105 $ay 001yy 200 1 $aGeostatistica$eteoria e applicazioni$fDonato Posa, Sandra De Iaco 210 $aTorino$cGiappichelli$d2009 215 $aXII, 244 p.$d24 cm 610 0 $aTerritorio$aDati statistici$aAnalisi 610 0 $aScienze della Terra$aRicerca sperimentale 676 $a550.724$v23$zita 700 1$aPosa,$bDonato$0460651 701 1$aDe Iaco,$bSandra$0425671 801 0$aIT$bUNINA$gREICAT$2UNIMARC 901 $aBK 912 $a9910518409303321 952 $a60 550.724 POSD 2009$b173/2022$fFAGBC 952 $a60 550.724 POSD 2009 BIS$b174/2022$fFAGBC 952 $a60 550.724 POSD 2009 TER$b175/2022$fFAGBC 959 $aFAGBC 996 $aGeostatistica$91440635 997 $aUNINA LEADER 01031cam0 22002411 450 001 SOBE00069905 005 20220228090003.0 100 $a20220228i1994 |||||ita|0103 ba 101 $aita 102 $aIT 200 1 $a<>problema della discriminazione femminile$erelazione [all'] 11. Congresso nazionale Lavoro e Discriminazione$eGubbio, 3-5 giugno 1994$fRoberto Pessi 210 $a[S.l.$cA.I.D.A.S.S.]$dstampa 1994$eRoma$gCooperativa libraria Nuova cultura) 215 $a82 p.$d21 cm 700 1$aPessi$b, Roberto$3AF00007695$4070$0229819 801 0$aIT$bUNISOB$c20220228$gRICA 850 $aUNISOB 852 $aUNISOB$jFondo|Craveri$m172040 912 $aSOBE00069905 940 $aM 102 Monografia moderna SBN 941 $aM 957 $aFondo|Craveri$b000974$gSI$d172040$n20191121$hCraveri$rDono$1rovito$2UNISOB$3UNISOB$420220228085908.0$520220228085951.0$6rovito$fPer le modalità di consultazione vedi home page Biblioteca link Fondi 996 $aProblema della discriminazione femminile$92598352 997 $aUNISOB